| 000 | 00388nam a2200145Ia 4500 | ||
|---|---|---|---|
| 008 | 231217s9999 xx 000 0 und d | ||
| 041 | _aEnglish | ||
| 082 | _a621.381537 BOG;11 | ||
| 100 | _aBogart, Theodore F | ||
| 245 | 0 | _aIntroduction to digital circuits | |
| 260 |
_c1992 _bNew York : MacMillan/Grahill/Glencoe, |
||
| 300 | _axii+820 | ||
| 650 | _aDigital circuits | ||
| 942 | _cAA | ||
| 999 |
_c167333 _d167333 |
||